000 00499nam a2200169Ia 4500
003 OSt
005 20200606104950.0
008 190216s9999||||xx |||||||||||||| ||und||
040 _coclc
082 _a327
_bGOP/A
100 _aGopi, V K
_92504
245 0 _aAntherdeshiya Bandhangal Randam Lokamahayudhathinushesham /
_cV K Gopi
250 _aii
260 _bCalicut University Central Co-Operative,
_c2008.
300 _a388p
942 _cBK
_2ddc
_h327
_iGOP/A
_k327
_mGOP/A
999 _c21874
_d21874